=LDR 00000nam 2200000 4500 =001 INLIS000000000013746 =005 20130612105105 =008 ***********************************Ind** =035 ##$$0010-061300000013746 =041 ##$$a Ind =082 ##$$a 634 =090 ##$$a 634, Rah m =100 ##$$a Rahardi, F =245 ##$$a megurai benag kusut agribisnis buah indonesia, F. Rahardi =260 ##$$a 2004 $b Jakarta =300 ##$$a 152 hlm, Ilus, 21 cm =650 ##$$a Buah - Buahan =850 ##$$a NBPNMAT